| 000 | 01522nas a2200373 i 4500 | ||
|---|---|---|---|
| 001 | 1212 | ||
| 003 | ES-MaACL | ||
| 005 | 20250803064708.0 | ||
| 008 | 950801d18671936sp d|yne | 1 ||pa d | ||
| 022 | _a2171-0244 | ||
| 022 | _a2487-2105 | ||
| 080 | _a(054) | ||
| 245 | 0 | 3 |
_aEl Imparcial : _bdiario político de la tarde. |
| 246 | 3 | _aEl Imparcial (Madrid. 1867) | |
| 246 | 3 | 3 | _aEl Imparcial (Madrid. 1977) |
| 246 | 3 |
_aEl Imparcial : _bdiario libre e independiente |
|
| 260 |
_aMadrid : _bEl imparcial, _c1867-1980. |
||
| 300 |
_a170 v. ; _c51, 63 , 57 y 38 cm. |
||
| 310 | _aDiaria | ||
| 362 | 1 | _aN. 1 (16 marzo 1867)-[1936?] ; 2. época, n. 1 (11 dic. 1977)-n. 933 (11 dic. 1980) | |
| 500 | _aFundador: Eduardo Gasset y Artime | ||
| 530 | _aDisponible en formato digital de 1867 a 1933. | ||
| 555 | 8 | _aÍndice de escritores en: Veinticuatro diarios, Madrid 1830-1900. Madrid: CSIC, Instituto Miguel de Cervantes, 1968. | |
| 580 | _aEn julio de 1932 se publican "El Popular" y "El Mundo", que sustituyen a esta publicación, suspendida por motivos políticos. | ||
| 650 | 4 |
_aPeriódicos _915941 |
|
| 700 | 1 |
_aGasset y Artime, Eduardo, _d1832-1884 _9163507 |
|
| 740 | 0 | 0 | _aAlmanaque de El Imparcial para |
| 740 | 0 | 4 | _aLos Lunes de El Imparcial |
| 852 | 4 |
_aES-MaACL _jHEM-GF-15 _dOlim: Hem-1621 |
|
| 856 | 4 |
_uhttp://hemerotecadigital.bne.es/issn/2171-0244 _zHemeroteca Digital _z(1867-1933) |
|
| 866 | 0 | _o1885-1930. 1977-1980 | |
| 942 |
_2udc _cPERIODICO |
||
| 999 |
_c1212 _d1212 |
||